Metody analýzy spolehlivosti. Zmena 1. STN 01 0677. IEC 61078/Z1 : September 2001

Guardado en:
Detalles Bibliográficos
Formato: Libro
Lenguaje:eslovaco
Publicado: Bratislava : Slovenský ústav technickej normalizácie, 2001
Materias:
Etiquetas: Agregar Etiqueta
Sin Etiquetas, Sea el primero en etiquetar este registro!

MARC

LEADER 00000nam a22000003a 4500
001 stu93037
005 20150408161030.6
008 050301s2001----xo------------------slo-d
040 |a STU  |b slo 
041 0 |a slo 
044 |a xo 
080 |a 681.5.09 
245 |a Metody analýzy spolehlivosti. Zmena 1. STN 01 0677. IEC 61078/Z1 :  |b September 2001 
260 |a Bratislava :  |b Slovenský ústav technickej normalizácie,  |c 2001 
300 |a 4 s 
650 7 |a spoľahlivosť systémov  |2 stusub 
996 |b 284M038090  |c M*N-1089/1-1  |l MMKN  |s A  |a 24  |w stu93037_0001